University Home | Library Home | Institutional Repository

Bibliography of teaching and study materials on African .... (Record no. 170434)

MARC details
000 -LEADER
fixed length control field 00610cam7a220021700 4500
001 - CONTROL NUMBER
control field zam00002840
008 - FIXED-LENGTH DATA ELEMENTS--GENERAL INFORMATION
fixed length control field 951128s1991 xx eng u
035 ## - SYSTEM CONTROL NUMBER
System control number (Sirsi) r20179
035 ## - SYSTEM CONTROL NUMBER
System control number (MACHINE)SLC.
100 ## - MAIN ENTRY--PERSONAL NAME
Personal name Boafo, K. S. T.
Linkage A81427.1
245 10 - TITLE STATEMENT
Title Bibliography of teaching and study materials on African ....
260 ## - PUBLICATION, DISTRIBUTION, ETC.
Date of publication, distribution, etc. 1991.
591 ## -
-- Class code: MC 210.
591 ## -
-- Course: Reporting I.
591 ## -
-- School: S05.
591 ## -
-- Lecturer: Mr. MAKUNGU, K.M.
591 ## -
-- Number of Students: 18.
949 ## - LOCAL PROCESSING INFORMATION (OCLC)
a Z6940
w lcc
m MAIN
t BOOK
l ON-SHELF
909 ## -
-- Book

No items available.

© 2026 - The University of Zambia Library - Koha v25.11